|
|
|
|
| LEADER |
00925naa a2200217 i 4500 |
| 001 |
acta76759 |
| 005 |
20221018081058.0 |
| 008 |
221018s2022 hu o 0|| eng d |
| 020 |
|
|
|a 978-963-306-880-9
|
| 024 |
7 |
|
|a 10.14232/sztep.chpp.2022.12
|2 doi
|
| 040 |
|
|
|a SZTE Egyetemi Kiadványok Repozitórium
|b hun
|
| 041 |
|
|
|a eng
|
| 100 |
2 |
|
|a Pócza-Véger Petra
|
| 245 |
1 |
0 |
|a Health psychological aspects of pain
|h [elektronikus dokumentum] :
|b the relationship between early traumatic experiences and coping with chronic pain /
|c Pócza-Véger Petra
|
| 260 |
|
|
|a Szegedi Egyetemi Kiadó
|b Szeged
|c 2022
|
| 300 |
|
|
|a 165-171
|
| 490 |
0 |
|
|a Clinical health psychology in practice : theory and case presentations
|
| 650 |
|
4 |
|a Orvos- és egészségtudomány
|
| 650 |
|
4 |
|a Klinikai orvostan
|
| 695 |
|
|
|a Egészségpszichológia
|
| 856 |
4 |
0 |
|u http://acta.bibl.u-szeged.hu/76759/1/2022_clinical_health_psychology_165-171.pdf
|z Dokumentum-elérés
|